Loading...
| Current Events | 3 | 23.33 | 100% | 100% | 33% |
| Fine Arts - Classical Music | 6 | 5.00 | 33% | 17% | 0% |
| Fine Arts - Other | 3 | 13.33 | 100% | 0% | 33% |
| Fine Arts - Painting and Sculpture | 4 | 17.50 | 75% | 75% | 25% |
| Geography | 4 | 15.00 | 100% | 50% | 0% |
| History - American | 5 | 24.00 | 100% | 100% | 40% |
| History - European | 3 | 20.00 | 100% | 67% | 33% |
| History - Other | 4 | 17.50 | 100% | 25% | 50% |
| History - World | 7 | 24.29 | 100% | 100% | 43% |
| Literature - American | 3 | 10.00 | 100% | 0% | 0% |
| Literature - British | 8 | 8.75 | 75% | 13% | 0% |
| Literature - European | 8 | 12.50 | 75% | 25% | 25% |
| Literature - World | 5 | 12.00 | 80% | 20% | 20% |
| Mythology | 7 | 17.14 | 100% | 43% | 29% |
| Philosophy | 3 | 10.00 | 67% | 33% | 0% |
| Popular Culture | 3 | 20.00 | 67% | 67% | 67% |
| Religion | 5 | 20.00 | 80% | 80% | 40% |
| Science - Biology | 8 | 18.75 | 100% | 88% | 0% |
| Science - Chemistry | 7 | 15.71 | 100% | 57% | 0% |
| Science - Other | 6 | 15.00 | 83% | 50% | 17% |
| Science - Physics | 6 | 16.67 | 83% | 50% | 33% |
| Social Science | 3 | 13.33 | 100% | 33% | 0% |